| Tag |
First Indicator |
Second Indicator |
Subfields |
| LEADER |
00000cam a22000008a 4500 |
| 001 |
in00000008301 |
| 005 |
20151002090013.0 |
| 008 |
870727s1988 nyu 00010 eng |
| 010 |
|
|
|a 87021207
|
| 020 |
|
|
|a 0374297533 :
|c $13.95
|
| 035 |
|
|
|a (OCoLC)16405799
|
| 035 |
|
|
|9 AAA0686AM
|
| 040 |
|
|
|a DLC
|c DLC
|d TXA
|d UtOrBLW
|
| 050 |
0 |
0 |
|a PS3573.R52
|b Z39 1988
|
| 082 |
0 |
|
|a 811/.54
|2 19
|
| 100 |
1 |
|
|a Wright, Charles,
|d 1935-
|
| 245 |
1 |
0 |
|a Zone journals /
|c Charles Wright.
|
| 263 |
|
|
|a 8802
|
| 264 |
|
1 |
|a New York :
|b Farrar/Straus/Giroux,
|c 1988.
|
| 300 |
|
|
|a 101 pages
|
| 336 |
|
|
|a text
|b txt
|2 rdacontent
|
| 337 |
|
|
|a unmediated
|b n
|2 rdamedia
|
| 338 |
|
|
|a volume
|b nc
|2 rdacarrier
|
| 500 |
|
|
|a "The first five poems appeared in ... limited edition volume entitled five journals."
|
| 700 |
1 |
|
|a Wright, Charles,
|d 1935-
|t 5 journals.
|
| 999 |
|
|
|a MARS
|
| 999 |
f |
f |
|s 5af060e6-42e0-31b3-afe8-64c5a4a6f502
|i be7fe4cc-9d2f-3245-bd1a-ee793de1cf1d
|t 0
|
| 952 |
f |
f |
|p ric
|a Texas A&M University
|b Rellis Campus
|c Joint Library Facility
|d Remote Storage
|t 0
|e PS3573.R52 Z39 1988
|h Library of Congress classification
|i unmediated -- volume
|m A14812614480
|
| 998 |
f |
f |
|a PS3573.R52 Z39 1988
|t 0
|l Remote Storage
|